| 000 | 00643nam a2200241Ia 4500 | ||
|---|---|---|---|
| 003 | OSt | ||
| 005 | 20221005040020.0 | ||
| 006 | a|||||r|||| 00| 0 | ||
| 007 | ta | ||
| 008 | 221004b |||||||| |||| 00| 0 eng d | ||
| 024 | _a46202 | ||
| 037 | _cTextual | ||
| 040 |
_aCRL _cCRL _beng |
||
| 041 |
_2eng _aeng |
||
| 082 | _aQ:332wN69, M0 | ||
| 100 |
_aBhattacharya Vivek _950101 |
||
| 245 | 0 |
_aSpirit of Indian culture _b Saints of India |
|
| 260 |
_aDelhi _bMetropolitan _c1980 |
||
| 300 |
_a621p _ccm. |
||
| 650 | _aRELIGION | ||
| 942 |
_hQ:332wN69, M0 _cTEXL _2cc |
||
| 999 |
_c946241 _d946241 |
||